00376nam a2200181Ia 4500003000900000008004100009040001300050040001300063041000800076100001900084245002600103250000900129260002000138260000900158300001100167300001000178490000600188IT-RoPAU120407s9999 xx 000 0 und d aIT-RoPAU cIT-RoPAU aita aJoseph Folliet aTu sarai giornalista. aRoma aArmando Armando c1965 a215 p. c20 cm v1